SNL Quotes Quiz Stats

 Plays Quiz Updated Nov 23, 2018

Support Sporcle.
Go Orange.
Score 0/13 Timer 05:00
0 Plays Today
Quote Cast/Guest Member % Correct
Or you'll end up living in a van, down by the river.Chris Farley
78.8%
StrategeryWill Ferrell
78.8%
I got a FEVER! And the only prescription...is MORE COWBELL!Christopher Walken
78.4%
Isn't That Special?Dana Carvey
73.1%
I'm Gumby dammit!Eddie Murphy
67.5%
[campaigning for Hilary] Come on she may be a bitch but bitch is the new black.Tina Fey
63.7%
Super Star!Molly Shannon
59.9%
Vould you like to touch my monkey?Mike Myers
55.5%
You can't have-a de Mango!Chris Kattan
52.6%
I'm good enough, I'm smart enough, and doggone it, people like me!Al Franken
41.9%
You Look Mahvelous!Billy Crystal
41%
I've seen better action in a Cambodian whorehouse.Chris Rock
34.3%
Yeah, that's the ticket!Jon Lovitz
34.1%

You're not logged in!

Compare scores with friends on all Sporcle quizzes.
OR
Log In
Forgot?

From the Vault

Shakespeare by Location

by gnatural

'On a stage' is probably the most accurate, and unhelpful hint.
Remove Ads.
Support Sporcle.
Get the best of Sporcle when you Go Orange. This ad-free experience offers more features, more stats, and more fun while also helping to support Sporcle. Thank you for becoming a member.

Show Comments

Extras

Top Quizzes Today


Score Distribution

Your Account Isn't Verified!

In order to create a playlist on Sporcle, you need to verify the email address you used during registration. Go to your Sporcle Settings to finish the process.

Report this User

Report this user for behavior that violates our Community Guidelines.

Details: